Größte deutsche Städte, die nicht kreisfrei sind - Statistiken

Allgemein
  • Dieses Quiz wurde 64 mal gespielt
    40 seit der letzten Aktualisierung
  • Das Durchschnittsergebnis liegt bei 10 aus 20
Antwortstatistiken
Platz Stadt % Korrekt
1 Hannover
74%
2 Aachen
69%
9 Recklinghausen
60%
5 Neuss
54%
7 Reutlingen
54%
10 Moers
51%
20 Tübingen
51%
6 Göttingen
49%
12 Gütersloh
49%
13 Hildesheim
49%
4 Paderborn
49%
14 Hanau
46%
3 Saarbrücken
46%
19 Düren
43%
16 Esslingen am Neckar
43%
11 Siegen
43%
8 Bergisch Gladbach
40%
15 Witten
40%
17 Ludwigsburg
34%
18 Gießen
26%
Keine übereinstimmenden Quizze gefunden
Verteilung der Resultate
Anzahl Personen mit jedem Resultat
Perzentil nach korrekt beantworteten Fragen
Ihre Resultats-Entwicklung
Sie haben dieses Quiz seit der letzten Aktualisierung nicht gespielt